[Event "Belgrade Trophy 36th"]
[Site "Belgrade"]
[Date "2023.11.25"]
[Round "1"]
[White "Grozdanic, Milan"]
[Black "Popovic, Dragan B"]
[Result "1-0"]
[WhiteElo "1729"]
[BlackElo "2291"]
[PlyCount "69"]
[EventDate "2023.11.25"]
[EventType "swiss"]
[EventRounds "9"]
[EventCountry "SRB"]
[SourceTitle "CB49_2023"]
[SourceDate "2023.12.06"]
[SourceVersion "1"]
[SourceVersionDate "2023.12.06"]
[SourceQuality "1"]

1. e4 c5 2. c4 Nc6 3. Nc3 g6 4. g3 Bg7 5. Bg2 Nf6 6. Nge2 0-0 7. d3 d6 8. 0-0 a6 9. Rb1 Rb8 10. a3 b5 11. cxb5 axb5 12. b4 Ba6 13. h3 Nd7 14. Be3 Nd4 15. Qd2 Re8 16. Bh6 Bh8 17. Nxd4 cxd4 18. Ne2 Bb7 19. Rbc1 Ra8 20. Qb2 Qb6 21. Rc2 Qa6 22. Rc7 Nb6 23. Bg5 Na4 24. Qb3 e6 25. f4 Qb6 26. Rc2 Nc3 27. Nxc3 dxc3+ 28. Kh2 Qd4 29. f5 Rac8 30. fxe6 fxe6 31. Rcf2 d5 32. Qc2 Be5 33. Rf7 Ba8 34. Rd7 Rf8 35. Qe2 1-0

[Event "Belgrade Winter op"]
[Site "Belgrade"]
[Date "2006.01.29"]
[Round "9"]
[White "Popovic, Dragan B"]
[Black "Andrijevic, Milan"]
[Result "1/2-1/2"]
[WhiteElo "2296"]
[BlackElo "2369"]
[PlyCount "81"]
[EventDate "2006.01.21"]
[EventType "swiss"]
[EventRounds "9"]
[EventCountry "YUG"]
[SourceTitle "CBM 110 Extra"]
[Source "ChessBase"]
[SourceDate "2006.03.10"]
[SourceVersion "2"]
[SourceVersionDate "2006.03.10"]
[SourceQuality "1"]

1. d4 Nf6 2. c4 e6 3. Nc3 d5 4. Bg5 Be7 5. cxd5 exd5 6. e3 c6 7. Qc2 0-0 8. Bd3 Nbd7 9. Nge2 Re8 10. 0-0 Nf8 11. f3 Nh5 12. Bxe7 Rxe7 13. Qd2 g6 14. Kh1 Be6 15. Rad1 Rc8 16. e4 Ng7 17. Bb1 Re8 18. Nf4 Qd7 19. Nxe6 Rxe6 20. e5 f5 21. f4 Re7 22. a3 Nfe6 23. Ba2 Rf8 24. Rc1 Nc7 25. Ne2 Nce6 26. Rc3 a6 27. Rd3 Qd8 28. Nc3 Rd7 29. b4 b5 30. Ne2 Qb6 31. Nc1 Nd8 32. Nb3 Nb7 33. Rc1 Ne6 34. Qf2 Rc7 35. Rdc3 Nbd8 36. h3 Nb7 37. Kh2 Kg7 38. Bb1 Nbd8 39. Ba2 Nb7 40. Bb1 Nbd8 41. Ba2 1/2-1/2

[Event "Belgrade Winter op"]
[Site "Belgrade"]
[Date "2006.01.23"]
[Round "3"]
[White "Popovic, Dragan B"]
[Black "Milosevic, Zoran"]
[Result "1/2-1/2"]
[WhiteElo "2296"]
[BlackElo "2228"]
[PlyCount "86"]
[EventDate "2006.01.21"]
[EventType "swiss"]
[EventRounds "9"]
[EventCountry "YUG"]
[SourceTitle "CBM 110 Extra"]
[Source "ChessBase"]
[SourceDate "2006.03.10"]
[SourceVersion "2"]
[SourceVersionDate "2006.03.10"]
[SourceQuality "1"]

1. e4 c5 2. Nf3 e6 3. d3 d5 4. Qe2 Nf6 5. g3 Nc6 6. Bg2 Be7 7. 0-0 0-0 8. e5 Nd7 9. c4 d4 10. Re1 Qc7 11. Bf4 b6 12. Nbd2 Bb7 13. h4 Rfd8 14. Nf1 Nf8 15. h5 a6 16. N1h2 b5 17. b3 bxc4 18. bxc4 a5 19. Ng4 a4 20. Rab1 Rdb8 21. h6 Ng6 22. Bg5 Nb4 23. Bxe7 Nxe7 24. hxg7 Nf5 25. a3 Bxf3 26. Bxf3 Nc6 27. Qd2 Kxg7 28. Qg5+ Kf8 29. Nf6 h6 30. Nh7+ Ke8 31. Qf6 Rxb1 32. Rxb1 Rc8 33. Bxc6+ Qxc6 34. g4 Ne7 35. Kh2 Ng6 36. Kg3 Qc7 37. f4 Rb8 38. Rxb8+ Qxb8 39. Qg7 Qb3 40. Nf6+ Ke7 41. Ng8+ Ke8 42. Nf6+ Ke7 43. Ng8+ Ke8 1/2-1/2

[Event "Belgrade Winter op"]
[Site "Belgrade"]
[Date "2006.01.22"]
[Round "2"]
[White "Cicmil, Vladimir"]
[Black "Popovic, Dragan B"]
[Result "0-1"]
[WhiteElo "2177"]
[BlackElo "2296"]
[PlyCount "104"]
[EventDate "2006.01.21"]
[EventType "swiss"]
[EventRounds "9"]
[EventCountry "YUG"]
[SourceTitle "CBM 110 Extra"]
[Source "ChessBase"]
[SourceDate "2006.03.10"]
[SourceVersion "2"]
[SourceVersionDate "2006.03.10"]
[SourceQuality "1"]

1. e4 c5 2. Nc3 e6 3. g3 d5 4. exd5 exd5 5. Bg2 Nf6 6. Nge2 d4 7. Ne4 Nxe4 8. Bxe4 Be7 9. 0-0 Nd7 10. d3 Nf6 11. Bg2 h6 12. c3 dxc3 13. bxc3 0-0 14. Rb1 Rb8 15. Nf4 b5 16. Re1 Bf5 17. Rb2 a5 18. Qf3 Bg4 19. Qe3 Bd6 20. h3 Re8 21. Qd2 Bf5 22. Qd1 Qd7 23. Rbe2 Rxe2 24. Rxe2 g5 25. Nd5 Nxd5 26. Bxd5 Bxh3 27. c4 Bf8 28. Qe1 b4 29. Bb2 a4 30. Kh2 Bg4 31. Re3 a3 32. Ba1 Kh7 33. Re5 Bd6 34. f3 Bh5 35. Re3 Bg6 36. Kg2 Rf8 37. Bf6 Bf5 38. g4 Bg6 39. Qe2 Bf4 40. Re7 Qd6 41. Ba1 h5 42. gxh5 Bxh5 43. d4 Kh6 44. Re4 g4 45. fxg4 Rg8 46. dxc5 Qc7 47. Re7 Qxc5 48. Bf3 Bxg4 49. Bxg4 Qh5 50. Qf3 Rxg4+ 51. Kf1 Rg1+ 52. Kf2 Qh2+ 0-1

[Event "Serbia-chT2"]
[Site "Belgrade"]
[Date "2003.09.28"]
[Round "2"]
[White "Nikolic, Milos"]
[Black "Popovic, Dragan B"]
[Result "0-1"]
[WhiteElo "2190"]
[BlackElo "2321"]
[PlyCount "84"]
[EventDate "2003.09.27"]
[EventType "team"]
[EventRounds "9"]
[EventCountry "YUG"]
[SourceTitle "CBM 096 Extra"]
[Source "ChessBase"]
[SourceDate "2003.10.22"]
[SourceVersion "2"]
[SourceVersionDate "2003.10.20"]
[SourceQuality "1"]

1. e4 c5 2. Nf3 Nc6 3. d3 g6 4. g3 Bg7 5. Bg2 e6 6. 0-0 Nge7 7. c3 d5 8. Nbd2 b6 9. Re1 a5 10. a4 Ba6 11. Nf1 h6 12. h4 Ra7 13. e5 Qb8 14. Bf4 b5 15. Be3 Qb6 16. b4 axb4 17. a5 Qc7 18. Bxc5 bxc3 19. Bxa7 Qxa7 20. Ne3 d4 21. Ng4 Qc5 22. Nf6+ Bxf6 23. exf6 Nd5 24. Ne5 Nxe5 25. Rxe5 Qd6 26. Qe2 Nxf6 27. Re1 0-0 28. Qa2 Re8 29. Bf3 b4 30. Qb1 Nd7 31. R5e2 Rb8 32. Bg4 Nc5 33. Re5 b3 34. R5e2 Bxd3 35. Qc1 Kg7 36. Re5 b2 37. Qf4 b1Q 38. Kh2 Qxe1 39. Rxe1 Qxf4 40. gxf4 c2 41. Rc1 Rb1 42. Bf3 Rxc1 0-1

[Event "Belgrade TS04 GM"]
[Site "Belgrade"]
[Date "2002.04.23"]
[Round "4"]
[White "Popovic, Dragan B"]
[Black "Markovic, Miroslav"]
[Result "0-1"]
[WhiteElo "2329"]
[BlackElo "2517"]
[PlyCount "38"]
[EventDate "2002.04.20"]
[EventType "tourn"]
[EventRounds "11"]
[EventCountry "YUG"]
[EventCategory "7"]
[SourceTitle "CBM 088 Extra"]
[Source "ChessBase"]
[SourceDate "2002.07.01"]
[SourceVersion "2"]
[SourceVersionDate "2002.07.01"]
[SourceQuality "1"]

1. e4 c6 2. d4 Na6 3. Nc3 Nc7 4. Nf3 g6 5. Be2 Bg7 6. 0-0 d6 7. h3 Nf6 8. Be3 0-0 9. Qd2 d5 10. e5 Nfe8 11. Bh6 Ne6 12. Bxg7 N8xg7 13. Rfe1 f5 14. exf6 exf6 15. Bf1 Nf5 16. Ne2 Nd6 17. Ng3 f5 18. Re5 f4 19. Ne2 Nc4 0-1

[Event "Belgrade TS04 GM"]
[Site "Belgrade"]
[Date "2002.04.21"]
[Round "2"]
[White "Popovic, Dragan B"]
[Black "Weinzettl, Ernst"]
[Result "1/2-1/2"]
[WhiteElo "2329"]
[BlackElo "2397"]
[PlyCount "124"]
[EventDate "2002.04.20"]
[EventType "tourn"]
[EventRounds "11"]
[EventCountry "YUG"]
[EventCategory "7"]
[SourceTitle "CBM 088 Extra"]
[Source "ChessBase"]
[SourceDate "2002.07.01"]
[SourceVersion "2"]
[SourceVersionDate "2002.07.01"]
[SourceQuality "1"]

1. e4 e6 2. d4 d5 3. e5 c5 4. c3 Nc6 5. Nf3 Qb6 6. a3 Nh6 7. b4 cxd4 8. cxd4 Nf5 9. Bb2 Bd7 10. Be2 Be7 11. 0-0 h5 12. Qd2 g5 13. Rd1 g4 14. Ne1 Rg8 15. Bc3 a6 16. Nc2 Bg5 17. Qe1 Rc8 18. a4 Nce7 19. Ra3 f6 20. b5 fxe5 21. dxe5 Bf4 22. g3 Bh6 23. Nd4 h4 24. a5 Qa7 25. bxa6 bxa6 26. Nxf5 Nxf5 27. Bd3 hxg3 28. hxg3 Rf8 29. Bxf5 Rxf5 30. Bd4 Qb7 31. Qe2 Kf7 32. Qxg4 Rg8 33. Qh3 Rh8 34. g4 Rf4 35. Qh5+ Kg8 36. Be3 Bg7 37. Bxf4 Rxh5 38. gxh5 Qb4 39. Bg3 Ba4 40. Rc1 Bh6 41. Rc8+ Kh7 42. Rc7+ Bg7 43. h6 Kxh6 44. Bf4+ Qxf4 45. Rh3+ Kg6 46. Rg3+ Qxg3+ 47. fxg3 Bxe5 48. Rc8 Bd7 49. Ra8 Bb5 50. Rc8 Bd4+ 51. Kg2 e5 52. g4 e4 53. Nc3 Bd7 54. Rc7 Bxg4 55. Nxd5 Bf3+ 56. Kf1 Kf5 57. Nb4 e3 58. Nxa6 e2+ 59. Ke1 Bf6 60. Rf7 Kg6 61. Rxf6+ Kxf6 62. Nc5 Ke7 1/2-1/2

[Event "Belgrade TS04 IM"]
[Site "Belgrade"]
[Date "2001.04.25"]
[Round "5"]
[White "Andrijevic, Milan"]
[Black "Popovic, Dragan B"]
[Result "1-0"]
[WhiteElo "2365"]
[BlackElo "2263"]
[PlyCount "103"]
[EventDate "2001.04.21"]
[EventType "tourn"]
[EventRounds "11"]
[EventCountry "YUG"]
[EventCategory "1"]
[SourceTitle "CBM 082 Extra"]
[Source "ChessBase"]
[SourceDate "2001.07.03"]
[SourceVersion "1"]
[SourceVersionDate "2001.07.03"]
[SourceQuality "1"]

1. e4 c5 2. Nf3 d6 3. d4 cxd4 4. Nxd4 Nf6 5. Nc3 a6 6. Be2 e5 7. Nb3 Be7 8. Be3 Be6 9. Nd5 Nbd7 10. Qd3 Bxd5 11. exd5 Rc8 12. c4 a5 13. 0-0 0-0 14. Rac1 b6 15. Nd2 Nc5 16. Qc2 Nfd7 17. Bg4 Ra8 18. Bxd7 Nxd7 19. f4 Rc8 20. Qd1 f5 21. Nf3 Bf6 22. b3 Kh8 23. Qd2 Nc5 24. Rcd1 Ne4 25. Qd3 g6 26. Rfe1 Re8 27. a3 Re7 28. b4 axb4 29. axb4 Ra7 30. Ra1 Rxa1 31. Rxa1 Qc7 32. Rc1 Kg8 33. Qb3 Kg7 34. Qa4 Kf7 35. Qa6 Rb8 36. fxe5 dxe5 37. c5 bxc5 38. bxc5 f4 39. d6 Qd7 40. Qc4+ Qe6 41. Qxe4 fxe3 42. Re1 Qa2 43. Qxe3 Rb2 44. Nxe5+ Kg7 45. Qe4 Rd2 46. Qb7+ Kg8 47. Ng4 Bd4+ 48. Kh1 Qe6 49. Rf1 Bf2 50. Ra1 Ra2 51. Nf6+ Kf8 52. Qe7+ 1-0